000 00524cam a22002172a 4500
001 012721
003 AR-FADEU
008 311216n1953####xxu####################dd
020 _a0-14-042915-0
092 _a828.8
_bH794po
100 _aHopkins, Gerard Manley
245 _aPoems and prose
260 _aHarmondsworth
260 _bPenguin
260 _c1953
300 _a206 p
440 _aClassics
650 _aLITERATURA INGLESA-SIGLO XIX; ESCRITOS VARIOS/REVISADO/
546 _aInglés
942 _cBDGR
999 _c18489
_d18489